[Event "DEM U10 2024"]
[Site "Willingen GER"]
[Date "2024.05.25"]
[Round "11"]
[White "Weßels, Keke"]
[Black "Elli, Emeric"]
[Result "0-1"]
[Termination "normal"]
[Board "16"]
[WhiteElo "1207"]
[BlackElo "1164"]
[WhiteClock "00:21:38"]
[BlackClock "00:26:36"]
[PlyCount "90"]
[WhiteFideId "34640045"]
[BlackFideId "533001790"]
[EventCountry "GER"]
[EventRounds "11"]
[EventType "swiss"]
[EventDate "2024.05.18"]

1. d4 {[%clk 01:15:56]} {[%emt 00:00:04]} d5 {[%clk 01:15:44]} {[%emt
00:00:16]} 2. Nf3 {[%clk 01:16:15]} {[%emt 00:00:10]} Nf6 {[%clk 01:15:10]}
{[%emt 00:01:05]} 3. Bf4 {[%clk 01:16:29]} {[%emt 00:00:16]} e6 {[%clk
01:14:49]} {[%emt 00:00:51]} 4. e3 {[%clk 01:16:14]} {[%emt 00:00:44]} Nbd7
{[%clk 01:13:26]} {[%emt 00:01:53]} 5. Bd3 {[%clk 01:16:15]} {[%emt 00:00:29]}
c5 {[%clk 01:12:48]} {[%emt 00:01:08]} 6. c3 {[%clk 01:16:19]} {[%emt
00:00:27]} c4 {[%clk 01:10:53]} {[%emt 00:02:25]} 7. Bc2 {[%clk 01:16:32]}
{[%emt 00:00:17]} Be7 {[%clk 01:10:22]} {[%emt 00:01:01]} 8. Nbd2 {[%clk
01:16:01]} {[%emt 00:00:57]} O-O {[%clk 01:10:11]} {[%emt 00:00:45]} 9. h3
{[%clk 01:16:04]} {[%emt 00:00:23]} b5 {[%clk 01:09:22]} {[%emt 00:01:24]} 10.
O-O {[%clk 01:13:55]} {[%emt 00:02:36]} Bb7 {[%clk 01:07:58]} {[%emt 00:01:55]}
11. Re1 {[%clk 01:12:31]} {[%emt 00:01:54]} a5 {[%clk 01:04:32]} {[%emt
00:03:58]} 12. e4 {[%emt 00:01:24]} Ne8 {[%clk 01:02:48]} {[%emt 00:02:12]} 13.
Qb1 {[%clk 01:08:02]} {[%emt 00:04:07]} g6 {[%clk 00:58:20]} {[%emt 00:04:57]}
14. Bh6 {[%clk 01:07:50]} {[%emt 00:00:42]} Ng7 {[%clk 00:58:41]} {[%emt
00:00:09]} 15. e5 {[%clk 01:01:19]} {[%emt 00:07:01]} Re8 {[%clk 00:57:56]}
{[%emt 00:01:16]} 16. b3 {[%clk 00:58:05]} {[%emt 00:03:44]} Rb8 {[%clk
00:56:42]} {[%emt 00:01:44]} 17. a4 {[%clk 00:55:59]} {[%emt 00:02:36]} Bc6
{[%clk 00:55:59]} {[%emt 00:01:11]} 18. Qc1 {[%clk 00:54:43]} {[%emt 00:01:41]}
b4 {[%emt 00:03:31]} 19. Bd1 {[%clk 00:51:25]} {[%emt 00:00:58]} bxc3 {[%clk
00:55:12]} {[%emt 00:01:12]} 20. Qxc3 {[%clk 00:51:32]} {[%emt 00:00:22]} Bb4
{[%clk 00:55:23]} {[%emt 00:00:20]} 21. Qc1 {[%clk 00:50:24]} {[%emt 00:01:35]}
c3 {[%clk 00:53:23]} {[%emt 00:02:33]} 22. Nb1 {[%clk 00:50:22]} {[%emt
00:00:31]} c2 {[%clk 00:52:39]} {[%emt 00:01:15]} 23. Qxc2 {[%clk 00:46:29]}
{[%emt 00:04:21]} Bxe1 {[%clk 00:52:29]} {[%emt 00:00:41]} 24. Nxe1 {[%clk
00:46:39]} {[%emt 00:00:21]} Rc8 {[%clk 00:52:15]} {[%emt 00:00:45]} 25. Qd2
{[%clk 00:44:48]} {[%emt 00:02:06]} Nf5 {[%clk 00:52:15]} {[%emt 00:00:44]} 26.
Bg5 {[%clk 00:44:49]} {[%emt 00:00:28]} Qb6 {[%clk 00:52:14]} {[%emt 00:00:32]}
27. Nf3 {[%clk 00:44:28]} {[%emt 00:00:49]} Kg7 {[%clk 00:50:41]} {[%emt
00:02:04]} 28. h4 {[%clk 00:44:01]} {[%emt 00:00:56]} f6 {[%clk 00:49:01]}
{[%emt 00:02:12]} 29. exf6+ {[%clk 00:43:30]} {[%emt 00:01:00]} Nxf6 {[%clk
00:49:23]} {[%emt 00:00:08]} 30. g3 {[%clk 00:43:14]} {[%emt 00:00:43]} Ne4
{[%clk 00:49:09]} {[%emt 00:00:47]} 31. Qf4 {[%clk 00:42:30]} {[%emt 00:00:51]}
Qc7 {[%clk 00:49:07]} {[%emt 00:00:56]} 32. Ne5 {[%clk 00:41:22]} {[%emt
00:01:29]} Nxg5 {[%clk 00:47:04]} {[%emt 00:02:41]} 33. Qxg5 {[%clk 00:40:15]}
{[%emt 00:01:37]} Nxd4 {[%clk 00:45:10]} {[%emt 00:02:25]} 34. h5 {[%clk
00:39:30]} {[%emt 00:01:14]} Nf5 {[%clk 00:39:14]} {[%emt 00:06:26]} 35. Ng4
{[%clk 00:32:07]} {[%emt 00:07:43]} Qe7 {[%clk 00:37:08]} {[%emt 00:02:46]} 36.
h6+ {[%clk 00:31:22]} {[%emt 00:01:14]} Kf7 {[%clk 00:36:09]} {[%emt 00:01:31]}
37. Ne5+ {[%emt 00:01:12]} Kg8 {[%clk 00:35:18]} {[%emt 00:01:20]} 38. Qf4
{[%clk 00:29:02]} {[%emt 00:02:04]} Qf6 {[%clk 00:31:28]} {[%emt 00:04:19]} 39.
g4 {[%clk 00:28:34]} {[%emt 00:01:03]} g5 {[%clk 00:31:05]} {[%emt 00:00:54]}
40. Qd2 {[%clk 00:27:28]} {[%emt 00:01:33]} Nxh6 {[%emt 00:04:11]} 41. Nd3
{[%clk 00:24:59]} {[%emt 00:00:22]} Qxa1 {[%clk 00:27:45]} {[%emt 00:02:47]}
42. Nc3 {[%clk 00:24:05]} {[%emt 00:01:20]} Nf7 {[%clk 00:26:29]} {[%emt
00:01:51]} 43. Ne5 {[%clk 00:22:39]} {[%emt 00:01:56]} Nxe5 {[%clk 00:26:01]}
{[%emt 00:00:57]} 44. Qxg5+ {[%clk 00:22:03]} {[%emt 00:01:06]} Ng6 {[%clk
00:26:29]} {[%emt 00:00:03]} 45. Qf6 {[%clk 00:21:38]} {[%emt 00:00:48]} Bxa4
{[%clk 00:26:36]} {[%emt 00:00:30]} 0-1

[Event "DEM U10 2024"]
[Site "Willingen GER"]
[Date "2024.05.25"]
[Round "11"]
[White "Dombert, Johannes"]
[Black "Stojanoski, Stefan"]
[Result "1-0"]
[Termination "normal"]
[Board "17"]
[WhiteElo "1270"]
[BlackElo "1638"]
[WhiteClock "00:56:59"]
[BlackClock "00:11:19"]
[PlyCount "73"]
[WhiteFideId "533001766"]
[BlackFideId "34632948"]
[EventCountry "GER"]
[EventRounds "11"]
[EventType "swiss"]
[EventDate "2024.05.18"]

1. e4 {[%clk 01:15:57]} {[%emt 00:00:02]} e5 {[%clk 01:15:57]} {[%emt
00:00:04]} 2. Bc4 {[%clk 01:16:18]} {[%emt 00:00:07]} Nf6 {[%clk 01:16:20]}
{[%emt 00:00:08]} 3. d3 {[%clk 01:16:39]} {[%emt 00:00:08]} Bc5 {[%clk
01:16:42]} {[%emt 00:00:10]} 4. Be3 {[%clk 01:16:55]} {[%emt 00:00:13]} Bb6
{[%clk 01:16:27]} {[%emt 00:00:45]} 5. Bxb6 {[%clk 01:16:56]} {[%emt 00:00:29]}
axb6 {[%clk 01:16:52]} {[%emt 00:00:06]} 6. Ne2 {[%clk 01:17:02]} {[%emt
00:00:23]} d6 {[%clk 01:16:33]} {[%emt 00:00:50]} 7. Nbc3 {[%clk 01:16:49]}
{[%emt 00:00:41]} Be6 {[%clk 01:09:14]} {[%emt 00:07:51]} 8. O-O {[%clk
01:13:29]} {[%emt 00:03:50]} Bxc4 {[%clk 01:09:38]} {[%emt 00:00:05]} 9. dxc4
{[%clk 01:13:52]} {[%emt 00:00:07]} O-O {[%clk 01:09:33]} {[%emt 00:00:36]} 10.
f4 {[%clk 01:11:01]} {[%emt 00:03:21]} Nc6 {[%clk 01:09:15]} {[%emt 00:00:48]}
11. a3 {[%clk 01:09:20]} {[%emt 00:02:10]} Ng4 {[%clk 01:03:05]} {[%emt
00:06:39]} 12. Qd3 {[%clk 01:08:05]} {[%emt 00:01:41]} Qh4 {[%clk 01:02:20]}
{[%emt 00:01:19]} 13. h3 {[%clk 01:06:42]} {[%emt 00:01:53]} Nf6 {[%clk
01:02:13]} {[%emt 00:00:37]} 14. f5 {[%clk 01:06:24]} {[%emt 00:00:48]} Rfd8
{[%clk 00:44:04]} {[%emt 00:18:41]} 15. Qg3 {[%clk 01:04:26]} {[%emt 00:02:26]}
Qxg3 {[%clk 00:44:18]} {[%emt 00:00:18]} 16. Nxg3 {[%clk 01:04:47]} {[%emt
00:00:08]} Nd4 {[%clk 00:44:44]} {[%emt 00:00:04]} 17. Rac1 {[%clk 01:04:13]}
{[%emt 00:01:04]} c6 {[%clk 00:43:37]} {[%emt 00:01:38]} 18. Nb1 {[%clk
01:03:45]} {[%emt 00:00:56]} Nxe4 {[%clk 00:41:02]} {[%emt 00:03:07]} 19. Nxe4
{[%clk 01:03:59]} {[%emt 00:00:15]} Ne2+ {[%clk 00:41:28]} {[%emt 00:00:04]}
20. Kf2 {[%clk 01:04:16]} {[%emt 00:00:13]} Nxc1 {[%clk 00:41:45]} {[%emt
00:00:14]} 21. Rxc1 {[%clk 01:04:40]} {[%emt 00:00:06]} g6 {[%clk 00:39:49]}
{[%emt 00:02:25]} 22. fxg6 {[%clk 01:04:46]} {[%emt 00:00:24]} fxg6 {[%clk
00:40:12]} {[%emt 00:00:07]} 23. Rd1 {[%clk 01:05:06]} {[%emt 00:00:08]} Rf8+
{[%clk 00:38:02]} {[%emt 00:02:41]} 24. Ke2 {[%clk 01:05:20]} {[%emt 00:00:17]}
Rad8 {[%clk 00:35:28]} {[%emt 00:03:02]} 25. Rxd6 {[%clk 01:03:32]} {[%emt
00:02:21]} Rxd6 {[%clk 00:35:38]} {[%emt 00:00:19]} 26. Nxd6 {[%clk 01:03:56]}
{[%emt 00:00:06]} Rd8 {[%clk 00:30:24]} {[%emt 00:05:43]} 27. Ne4 {[%clk
01:02:48]} {[%emt 00:01:38]} Ra8 {[%clk 00:27:04]} {[%emt 00:03:48]} 28. Nbd2
{[%clk 01:01:20]} {[%emt 00:02:00]} Kg7 {[%clk 00:18:57]} {[%emt 00:08:35]} 29.
Ke3 {[%clk 01:00:08]} {[%emt 00:01:44]} Rd8 {[%clk 00:18:11]} {[%emt 00:00:41]}
30. Nf3 {[%clk 00:57:15]} {[%emt 00:04:00]} Re8 {[%clk 00:15:41]} {[%emt
00:02:59]} 31. Nfg5 {[%clk 00:57:05]} {[%emt 00:00:37]} h6 {[%clk 00:14:01]}
{[%emt 00:02:13]} 32. Nd6 {[%clk 00:57:03]} {[%emt 00:00:32]} Re7 {[%clk
00:13:50]} {[%emt 00:00:40]} 33. Nge4 {[%clk 00:56:47]} {[%emt 00:00:41]} Rd7
{[%clk 00:12:32]} {[%emt 00:01:51]} 34. Nc8 {[%clk 00:56:08]} {[%emt 00:01:11]}
b5 {[%clk 00:11:45]} {[%emt 00:01:11]} 35. cxb5 {[%clk 00:56:23]} {[%emt
00:00:21]} cxb5 {[%clk 00:12:02]} {[%emt 00:00:13]} 36. Ncd6 {[%clk 00:56:38]}
{[%emt 00:00:15]} Rc7 {[%clk 00:11:19]} {[%emt 00:01:12]} 37. Ne8+ {[%clk
00:56:59]} {[%emt 00:00:10]} 1-0

[Event "DEM U10 2024"]
[Site "Willingen GER"]
[Date "2024.05.25"]
[Round "11"]
[White "Spielmann, Jan"]
[Black "Liu, Yichen"]
[Result "1-0"]
[Termination "normal"]
[Board "18"]
[WhiteElo "1725"]
[BlackElo "1212"]
[WhiteClock "00:47:07"]
[BlackClock "00:57:05"]
[PlyCount "33"]
[WhiteFideId "34680039"]
[BlackFideId "34677917"]
[EventCountry "GER"]
[EventRounds "11"]
[EventType "swiss"]
[EventDate "2024.05.18"]

1. e4 {[%clk 01:15:57]} {[%emt 00:00:01]} c6 {[%clk 01:15:47]} {[%emt
00:00:15]} 2. Nc3 {[%clk 01:16:12]} {[%emt 00:00:15]} d5 {[%clk 01:16:04]}
{[%emt 00:00:13]} 3. Nf3 {[%clk 01:16:02]} {[%emt 00:00:40]} Bg4 {[%clk
01:15:18]} {[%emt 00:01:16]} 4. h3 {[%clk 01:13:41]} {[%emt 00:02:45]} Bh5
{[%clk 01:14:49]} {[%emt 00:01:04]} 5. d4 {[%clk 01:13:23]} {[%emt 00:00:48]}
e6 {[%clk 01:13:54]} {[%emt 00:01:26]} 6. e5 {[%clk 01:09:03]} {[%emt
00:04:49]} Bb4 {[%clk 01:12:34]} {[%emt 00:01:51]} 7. a3 {[%clk 01:06:02]}
{[%emt 00:03:32]} Ba5 {[%clk 01:12:28]} {[%emt 00:00:35]} 8. Bd3 {[%clk
01:00:52]} {[%emt 00:05:27]} Ne7 {[%clk 01:11:53]} {[%emt 00:01:19]} 9. Be3
{[%clk 00:55:55]} {[%emt 00:05:20]} O-O {[%clk 01:11:25]} {[%emt 00:01:04]} 10.
b4 {[%clk 00:55:40]} {[%emt 00:00:45]} Bb6 {[%clk 01:10:21]} {[%emt 00:01:35]}
11. Na4 {[%clk 00:52:04]} {[%emt 00:04:04]} Bc7 {[%clk 01:09:32]} {[%emt
00:01:20]} 12. Bxh7+ {[%clk 00:47:37]} {[%emt 00:04:58]} Kxh7 {[%clk 01:09:01]}
{[%emt 00:01:01]} 13. Ng5+ {[%clk 00:48:04]} {[%emt 00:00:02]} Kg6 {[%clk
01:04:22]} {[%emt 00:05:09]} 14. g4 {[%clk 00:48:05]} {[%emt 00:00:29]} Bxg4
{[%clk 01:02:55]} {[%emt 00:01:57]} 15. Qxg4 {[%clk 00:48:30]} {[%emt
00:00:06]} Qc8 {[%clk 00:56:49]} {[%emt 00:06:37]} 16. Nxe6+ {[%clk 00:47:20]}
{[%emt 00:01:38]} Kh7 {[%clk 00:57:05]} {[%emt 00:00:14]} 17. Qxg7# {[%clk
00:47:07]} {[%emt 00:00:43]} 1-0

[Event "DEM U10 2024"]
[Site "Willingen GER"]
[Date "2024.05.25"]
[Round "11"]
[White "Jung, Michael"]
[Black "Nikolic, Luka"]
[Result "1/2-1/2"]
[Termination "normal"]
[Board "19"]
[WhiteElo "1363"]
[BlackElo "1145"]
[WhiteClock "00:15:22"]
[BlackClock "00:42:11"]
[PlyCount "55"]
[WhiteFideId "34673873"]
[BlackFideId "34655123"]
[EventCountry "GER"]
[EventRounds "11"]
[EventType "swiss"]
[EventDate "2024.05.18"]

1. d4 {[%clk 01:15:57]} {[%emt 00:00:02]} d5 {[%clk 01:16:25]} {[%emt
00:00:08]} 2. c4 {[%clk 01:16:47]} {[%emt 00:00:07]} e6 {[%clk 01:16:50]}
{[%emt 00:00:05]} 3. Nc3 {[%clk 01:17:12]} {[%emt 00:00:06]} Nf6 {[%clk
01:17:14]} {[%emt 00:00:05]} 4. Bf4 {[%clk 01:17:36]} {[%emt 00:00:06]} Bb4
{[%clk 01:17:38]} {[%emt 00:00:06]} 5. a3 {[%clk 01:17:45]} {[%emt 00:00:21]}
Bxc3+ {[%clk 01:18:02]} {[%emt 00:00:06]} 6. bxc3 {[%clk 01:18:09]} {[%emt
00:00:06]} O-O {[%clk 01:18:25]} {[%emt 00:00:08]} 7. e3 {[%clk 01:18:25]}
{[%emt 00:00:13]} b6 {[%clk 01:17:54]} {[%emt 00:01:01]} 8. Nf3 {[%clk
01:18:30]} {[%emt 00:00:25]} Bb7 {[%clk 01:18:13]} {[%emt 00:00:11]} 9. Bd3
{[%clk 01:18:09]} {[%emt 00:00:51]} dxc4 {[%clk 01:18:29]} {[%emt 00:00:14]}
10. Bxc4 {[%clk 01:18:27]} {[%emt 00:00:12]} Qe7 {[%clk 01:18:20]} {[%emt
00:00:39]} 11. O-O {[%clk 01:18:01]} {[%emt 00:00:56]} Rd8 {[%clk 01:18:39]}
{[%emt 00:00:11]} 12. Qe2 {[%clk 01:04:38]} {[%emt 00:13:52]} Ne4 {[%clk
01:17:34]} {[%emt 00:01:34]} 13. Rfc1 {[%clk 01:01:00]} {[%emt 00:04:10]} c5
{[%clk 01:11:00]} {[%emt 00:07:04]} 14. Bd3 {[%clk 01:00:01]} {[%emt 00:01:28]}
Nf6 {[%clk 01:10:20]} {[%emt 00:01:11]} 15. h3 {[%clk 00:55:06]} {[%emt
00:05:25]} cxd4 {[%clk 01:03:28]} {[%emt 00:07:22]} 16. cxd4 {[%clk 00:53:04]}
{[%emt 00:02:31]} Nbd7 {[%clk 00:59:50]} {[%emt 00:04:09]} 17. Rc7 {[%clk
00:50:00]} {[%emt 00:03:34]} Bxf3 {[%clk 00:58:42]} {[%emt 00:01:38]} 18. Qxf3
{[%clk 00:48:13]} {[%emt 00:02:16]} Nd5 {[%clk 00:57:39]} {[%emt 00:01:34]} 19.
Rb7 {[%clk 00:44:38]} {[%emt 00:04:05]} Nxf4 {[%clk 00:56:49]} {[%emt
00:01:20]} 20. Qxf4 {[%clk 00:42:41]} {[%emt 00:02:27]} Qf6 {[%clk 00:55:08]}
{[%emt 00:02:11]} 21. Qxf6 {[%clk 00:38:02]} {[%emt 00:05:08]} Nxf6 {[%clk
00:54:08]} {[%emt 00:01:31]} 22. Rc1 {[%clk 00:31:42]} {[%emt 00:06:48]} Rd7
{[%clk 00:52:19]} {[%emt 00:02:21]} 23. Rxd7 {[%clk 00:26:18]} {[%emt
00:05:54]} Nxd7 {[%clk 00:52:02]} {[%emt 00:00:46]} 24. Rc7 {[%clk 00:25:20]}
{[%emt 00:01:27]} Nf6 {[%clk 00:49:30]} {[%emt 00:03:04]} 25. Bb5 {[%clk
00:24:16]} {[%emt 00:01:34]} Nd5 {[%clk 00:47:38]} {[%emt 00:02:22]} 26. Rb7
{[%clk 00:21:47]} {[%emt 00:02:59]} Nc3 {[%clk 00:44:16]} {[%emt 00:03:52]} 27.
Bc6 {[%clk 00:19:56]} {[%emt 00:02:21]} g6 {[%clk 00:42:11]} {[%emt 00:02:34]}
28. Rc7 {[%clk 00:15:22]} {[%emt 00:05:05]} 1/2-1/2

[Event "DEM U10 2024"]
[Site "Willingen GER"]
[Date "2024.05.25"]
[Round "11"]
[White "Fabritius, Wolf"]
[Black "Wittenberger, Henri"]
[Result "1-0"]
[Termination "normal"]
[Board "20"]
[WhiteElo "1426"]
[BlackElo "1210"]
[WhiteClock "01:15:50"]
[BlackClock "00:11:48"]
[PlyCount "139"]
[WhiteFideId "34632603"]
[BlackFideId "34691510"]
[EventCountry "GER"]
[EventRounds "11"]
[EventType "swiss"]
[EventDate "2024.05.18"]

1. e4 {[%clk 01:15:50]} {[%emt 00:00:09]} e5 {[%clk 01:15:54]} {[%emt
00:00:06]} 2. Nf3 {[%clk 01:16:16]} {[%emt 00:00:05]} Nc6 {[%clk 01:16:17]}
{[%emt 00:00:06]} 3. d4 {[%clk 01:16:40]} {[%emt 00:00:06]} exd4 {[%clk
01:16:40]} {[%emt 00:00:06]} 4. Nxd4 {[%clk 01:17:03]} {[%emt 00:00:08]} Nf6
{[%clk 01:17:02]} {[%emt 00:00:07]} 5. Nxc6 {[%clk 01:17:19]} {[%emt 00:00:15]}
bxc6 {[%clk 01:17:25]} {[%emt 00:00:07]} 6. Nc3 {[%clk 01:17:40]} {[%emt
00:00:09]} Bb4 {[%clk 01:17:41]} {[%emt 00:00:13]} 7. Bd3 {[%clk 01:17:51]}
{[%emt 00:00:20]} O-O {[%clk 01:17:52]} {[%emt 00:00:17]} 8. O-O {[%clk
01:18:16]} {[%emt 00:00:07]} d5 {[%clk 01:18:00]} {[%emt 00:00:22]} 9. exd5
{[%clk 01:18:31]} {[%emt 00:00:16]} cxd5 {[%clk 01:18:20]} {[%emt 00:00:09]}
10. Qf3 {[%clk 01:18:33]} {[%emt 00:00:29]} c6 {[%clk 01:18:17]} {[%emt
00:00:31]} 11. Bg5 {[%clk 01:18:40]} {[%emt 00:00:24]} Be7 {[%clk 01:17:54]}
{[%emt 00:00:52]} 12. Rfe1 {[%clk 01:18:36]} {[%emt 00:00:35]} Re8 {[%clk
01:09:36]} {[%emt 00:08:48]} 13. Rad1 {[%clk 01:16:47]} {[%emt 00:02:20]} Bg4
{[%clk 01:09:28]} {[%emt 00:00:36]} 14. Qg3 {[%clk 01:16:15]} {[%emt 00:01:03]}
Bxd1 {[%clk 01:09:21]} {[%emt 00:00:37]} 15. Nxd1 {[%clk 01:16:13]} {[%emt
00:00:32]} Nh5 {[%clk 00:59:19]} {[%emt 00:10:28]} 16. Qh3 {[%clk 01:09:49]}
{[%emt 00:06:58]} Bxg5 {[%clk 00:59:18]} {[%emt 00:00:31]} 17. Rxe8+ {[%clk
01:10:11]} {[%emt 00:00:08]} Qxe8 {[%clk 00:59:41]} {[%emt 00:00:07]} 18. Qxh5
{[%clk 01:10:31]} {[%emt 00:00:10]} Qe1+ {[%clk 00:59:42]} {[%emt 00:00:30]}
19. Bf1 {[%clk 01:10:49]} {[%emt 00:00:12]} Bf6 {[%clk 00:59:08]} {[%emt
00:00:57]} 20. c3 {[%clk 01:10:49]} {[%emt 00:00:37]} h6 {[%clk 00:54:39]}
{[%emt 00:04:58]} 21. Ne3 {[%clk 01:10:46]} {[%emt 00:00:33]} Rb8 {[%clk
00:54:04]} {[%emt 00:01:00]} 22. Qf5 {[%clk 01:09:38]} {[%emt 00:01:44]} d4
{[%clk 00:48:43]} {[%emt 00:05:49]} 23. Nc2 {[%clk 01:09:04]} {[%emt 00:01:05]}
Qd1 {[%clk 00:48:56]} {[%emt 00:00:15]} 24. cxd4 {[%clk 01:08:29]} {[%emt
00:01:07]} Bxd4 {[%clk 00:48:31]} {[%emt 00:00:53]} 25. Qf4 {[%clk 01:08:04]}
{[%emt 00:00:54]} Rd8 {[%clk 00:47:57]} {[%emt 00:00:49]} 26. Qh4 {[%clk
01:07:09]} {[%emt 00:01:43]} Bf6 {[%clk 00:39:01]} {[%emt 00:09:18]} 27. Qc4
{[%clk 01:07:10]} {[%emt 00:00:36]} Qd5 {[%clk 00:38:19]} {[%emt 00:01:09]} 28.
Qa4 {[%clk 01:06:19]} {[%emt 00:00:44]} Rb8 {[%clk 00:31:35]} {[%emt 00:07:37]}
29. Qxa7 {[%clk 01:05:12]} {[%emt 00:01:55]} Rxb2 {[%clk 00:30:47]} {[%emt
00:01:18]} 30. Ne3 {[%clk 01:05:04]} {[%emt 00:00:38]} Qxa2 {[%clk 00:27:13]}
{[%emt 00:04:33]} 31. Qc7 {[%clk 01:05:17]} {[%emt 00:00:48]} Qe6 {[%clk
00:20:57]} {[%emt 00:06:32]} 32. Bc4 {[%clk 01:05:11]} {[%emt 00:00:50]} Qxc4
{[%clk 00:21:05]} {[%emt 00:00:23]} 33. Qc8+ {[%clk 01:05:20]} {[%emt
00:00:21]} Kh7 {[%clk 00:21:19]} {[%emt 00:00:14]} 34. Qf5+ {[%clk 01:05:45]}
{[%emt 00:00:05]} Kg8 {[%clk 00:21:19]} {[%emt 00:00:31]} 35. Nxc4 {[%clk
01:06:04]} {[%emt 00:00:11]} Ra2 {[%clk 00:17:41]} {[%emt 00:04:00]} 36. g3
{[%clk 01:06:18]} {[%emt 00:00:24]} Bd4 {[%clk 00:16:15]} {[%emt 00:01:46]} 37.
Ne3 {[%clk 01:06:34]} {[%emt 00:00:24]} c5 {[%clk 00:16:13]} {[%emt 00:00:30]}
38. Nc2 {[%clk 01:06:16]} {[%emt 00:00:49]} g6 {[%clk 00:08:51]} {[%emt
00:07:54]} 39. Qc8+ {[%clk 01:06:17]} {[%emt 00:00:29]} Kg7 {[%clk 00:08:52]}
{[%emt 00:00:27]} 40. Nxd4 {[%clk 01:06:23]} {[%emt 00:00:26]} cxd4 {[%clk
00:08:29]} {[%emt 00:00:53]} 41. Qc4 {[%clk 01:06:22]} {[%emt 00:00:31]} Ra1+
{[%clk 00:08:27]} {[%emt 00:00:33]} 42. Kg2 {[%clk 01:06:44]} {[%emt 00:00:07]}
Rd1 {[%clk 00:08:52]} {[%emt 00:00:05]} 43. Kf3 {[%clk 01:06:50]} {[%emt
00:00:24]} d3 {[%clk 00:08:39]} {[%emt 00:00:43]} 44. Qd4+ {[%clk 01:06:56]}
{[%emt 00:00:24]} f6 {[%clk 00:08:44]} {[%emt 00:00:26]} 45. Qd7+ {[%clk
01:07:11]} {[%emt 00:00:15]} Kf8 {[%clk 00:08:53]} {[%emt 00:00:15]} 46. Qe6
{[%clk 01:07:21]} {[%emt 00:00:26]} Kg7 {[%clk 00:08:42]} {[%emt 00:00:37]} 47.
Qe7+ {[%clk 01:07:23]} {[%emt 00:00:31]} Kg8 {[%clk 00:08:26]} {[%emt
00:00:40]} 48. Qxf6 {[%clk 01:07:48]} {[%emt 00:00:12]} g5 {[%clk 00:07:37]}
{[%emt 00:01:16]} 49. Qg6+ {[%clk 01:08:10]} {[%emt 00:00:10]} Kf8 {[%clk
00:07:42]} {[%emt 00:00:21]} 50. Qxh6+ {[%clk 01:08:35]} {[%emt 00:00:09]} Ke7
{[%clk 00:07:31]} {[%emt 00:00:41]} 51. Qxg5+ {[%clk 01:08:53]} {[%emt
00:00:11]} Kd6 {[%clk 00:07:49]} {[%emt 00:00:09]} 52. Ke3 {[%clk 01:08:40]}
{[%emt 00:00:47]} Ke6 {[%clk 00:07:19]} {[%emt 00:02:55]} 53. Qg6+ {[%clk
01:10:49]} {[%emt 00:00:09]} Ke7 {[%clk 00:07:35]} {[%emt 00:00:12]} 54. Qxd3
{[%clk 01:10:57]} {[%emt 00:00:24]} Rxd3+ {[%clk 00:07:58]} {[%emt 00:00:06]}
55. Kxd3 {[%clk 01:11:18]} {[%emt 00:00:10]} Kf8 {[%clk 00:08:17]} {[%emt
00:00:08]} 56. f4 {[%clk 01:11:40]} {[%emt 00:00:09]} Kg7 {[%clk 00:08:40]}
{[%emt 00:00:07]} 57. g4 {[%clk 01:12:02]} {[%emt 00:00:09]} Kh8 {[%clk
00:09:01]} {[%emt 00:00:08]} 58. f5 {[%clk 01:12:26]} {[%emt 00:00:08]} Kg7
{[%clk 00:09:21]} {[%emt 00:00:08]} 59. g5 {[%clk 01:12:44]} {[%emt 00:00:13]}
Kh7 {[%clk 00:09:38]} {[%emt 00:00:11]} 60. f6 {[%clk 01:13:04]} {[%emt
00:00:11]} Kg6 {[%clk 00:09:53]} {[%emt 00:00:15]} 61. h4 {[%clk 01:13:16]}
{[%emt 00:01:03]} Kf7 {[%clk 00:10:11]} {[%emt 00:00:12]} 62. h5 {[%clk
01:13:41]} {[%emt 00:00:06]} Kg8 {[%clk 00:10:10]} {[%emt 00:00:31]} 63. g6
{[%clk 01:14:03]} {[%emt 00:00:08]} Kh8 {[%clk 00:10:13]} {[%emt 00:00:21]} 64.
f7 {[%clk 01:14:01]} {[%emt 00:00:37]} Kg7 {[%clk 00:10:36]} {[%emt 00:00:08]}
65. h6+ {[%clk 01:14:20]} {[%emt 00:00:11]} Kf8 {[%clk 00:10:46]} {[%emt
00:00:21]} 66. h7 {[%clk 01:14:33]} {[%emt 00:00:16]} Kg7 {[%clk 00:10:45]}
{[%emt 00:00:31]} 67. h8=Q+ {[%clk 01:14:53]} {[%emt 00:00:09]} Kxg6 {[%clk
00:11:06]} {[%emt 00:00:09]} 68. f8=Q {[%clk 01:15:03]} {[%emt 00:00:20]} Kg5
{[%clk 00:11:26]} {[%emt 00:00:11]} 69. Qhg7+ {[%clk 01:15:27]} {[%emt
00:00:05]} Kh4 {[%clk 00:11:48]} {[%emt 00:00:09]} 70. Qfh8+ {[%clk 01:15:50]}
{[%emt 00:00:07]} 1-0